Quero ser escritor (Registo nº 6101)

Detalhes MARC
000 -Etiqueta do registo
Valores 01210nam a2200205 4500
010 ## - Número ISBN
ISBN 9789895553105
021 ## - Número do Depósito Legal
Número 264802/07
100 ## - Dados gerais de processamento
Dados gerais 20080901d2007 e y0pory5003 ba
200 1# - Titulo e menção de responsabilidade
Título próprio Quero ser escritor
Informação de outro título manual de escrita criativa para todas as idades
Primeira menção de responsabilidade Margarida Fonseca Santos, Elsa Serra
210 ## - Publicação
Local de publicação Cruz Quebrada
Nome do editor Oficina do Livro
Data de publicação 2007
215 ## - Descrição física 
Paginação / Volumes 209 p.
Outras indicações físicas il.
330 ## - Sumário ou Resumo
Texto da nota Gostas de Desafios? Este livro é para ti! Se acreditas nas palavras e no poder da imaginação, este livro é mesmo para ti! Quero ser Escritor apresenta-te uma forma diferente de olhar para a escrita. Através de vários exercícios, vais descobrir a tua enorme capacidade para criar histórias, escrever diálogos, jogar com as palavras e desafiar muitas regras! Vais também aprender a olhar para os textos de forma diferente. Diverte-te a conhecer o mundo da escrita! Quero ser Escritor é aconselhado a crianças e jovens, pais e professores, e a todos os que veem na escrita uma componente essencial da educação
675 ## - CDU
Notação 808.1
Edição PT
Língua por
700 #1 - Autor principal (pessoa individual)
Apelido Santos
Nome Margarida Fonseca
701 #1 - Co-autor principal (pessoa individual)
Apelido Serra
Nome Elsa
801 #0 - Fonte de origem
País PT
Agência BMVN
Regras de catalogação RPC
830 ## - Notas gerais do catalogador
Criado por Céu Baptista
Data de criação 31/12/2021
990 ## - Elementos KOHA
Tipo de documento Livro
Exemplares
Situação do levantamento Biblioteca de origem Código de barras Permissão de empréstimo Forma de aquisição
  Biblioteca Escola Secundária de Vendas Novas 200000000262    

Powered by Koha